| 000 | 00524nam a22001817a 4500 | ||
|---|---|---|---|
| 005 | 20251108164818.0 | ||
| 008 | 250721s1996 xx 000 0 ara d | ||
| 082 | 1 | 4 | _a616.12/جون |
| 100 | 1 | _aجونسون، روبرت | |
| 245 | 1 | 0 | _aكيف تقهر الكوليسترول / |
| 264 | 1 |
_aبيروت : _bالدار العربية للعلوم، _c1996. |
|
| 300 | _a199ص | ||
| 650 | 1 | 7 | _aالكولسترول |
| 650 | 1 | 7 | _aأمراض الدم |
| 650 | 1 | 7 | _aأمراض القلب |
| 942 |
_2ddc _cBK |
||
| 999 |
_c14978 _d14978 |
||